Необычные столицы - Statistics

General Stats
  • This quiz has been taken 9 times
  • The average score is 7 of 25
Answer Stats
Страна Столица % Correct
Косово Приштина
75%
Англия Лондон
75%
Палестина Рамалла
63%
Тайвань Тайбэй
63%
Чечня Грозный
63%
Абхазия Сухум
50%
Новороссия Донецк
50%
Каталония Барселона
50%
Приднестровье Тирасполь
38%
Южная Осетия Цхинвал
25%
Гренландия Нуук
25%
Союзное Государство(две столицы через и) Москва и Минск
25%
Шотландия Эдинбург
25%
Нагорный Карабах Ханкенди
13%
Турецкий Кипр Северная Никосия
13%
Сахарская Республика Эль-Аюн
13%
Амбазония Буэа
13%
Северная Ирландия Белфаст
13%
Уэльс Кардифф
13%
о. Мэн Дуглас
13%
Азад-Кашмир Музаффарабад
0%
Сомалиленд Харгейса
0%
Вазиристан Вана
0%
Пунтленд Гароуэ
0%
Исламское Государство(все столицы через ,) Эр-Ракка, Меядин,Эль-Кайм, Абу-Кемаль, Рава, Хаджин, Аль-Марашида, Багуз
0%
No matching quizzes found
Score Distribution
Percent of People with Each Score
Percentile by Number Answered
Your Score History
You have not taken this quiz